Annual report for ... / (Record no. 18749)
[ view plain ]
| 000 -LEADER | |
|---|---|
| fixed length control field | 00800cas a2200277 a 4500 |
| 022 0# - INTERNATIONAL STANDARD SERIAL NUMBER | |
| ISSN | 0116-1164 |
| 040 ## - CATALOGING SOURCE | |
| Transcribing agency | MUL |
| 082 04 - DEWEY DECIMAL CLASSIFICATION NUMBER | |
| Classification number | 332 ASI 1968 C152 Or. |
| 110 2# - MAIN ENTRY--CORPORATE NAME | |
| Corporate name or jurisdiction name as entry element | Asian Development Bank. |
| 245 10 - TITLE STATEMENT | |
| Title | Annual report for ... / |
| 246 1# - VARYING FORM OF TITLE | |
| Title proper/short title | Annual report |
| 246 3# - VARYING FORM OF TITLE | |
| Title proper/short title | Asian Development Bank annual report |
| 246 13 - VARYING FORM OF TITLE | |
| Title proper/short title | ADB annual report |
| 260 ## - PUBLICATION, DISTRIBUTION, ETC. (IMPRINT) | |
| Place of publication | [Manila] : |
| Name of publisher | Asian Development Bank, |
| Year of publication | [1968]- |
| 300 ## - PHYSICAL DESCRIPTION | |
| Number of Pages | volumes ; |
| Dimensions | 28 cm |
| 650 #0 - SUBJECT ADDED ENTRY--TOPICAL TERM | |
| Topical Term | Banks and banking |
| 650 #0 - SUBJECT ADDED ENTRY--TOPICAL TERM | |
| Topical Term | Economic assistance |
| 650 #7 - SUBJECT ADDED ENTRY--TOPICAL TERM | |
| Topical Term | Banks and banking. |
| 650 #7 - SUBJECT ADDED ENTRY--TOPICAL TERM | |
| Topical Term | Economic assistance. |
| 650 17 - SUBJECT ADDED ENTRY--TOPICAL TERM | |
| Topical Term | Ontwikkelingsbanken. |
| 650 #7 - SUBJECT ADDED ENTRY--TOPICAL TERM | |
| Topical Term | Economic development |
| 650 #7 - SUBJECT ADDED ENTRY--TOPICAL TERM | |
| Topical Term | Economic assistance |
| 650 #7 - SUBJECT ADDED ENTRY--TOPICAL TERM | |
| Topical Term | Asian Development Bank. |
| 650 #7 - SUBJECT ADDED ENTRY--TOPICAL TERM | |
| Topical Term | 83.44 international monetary economics. |
| 942 ## - ADDED ENTRY ELEMENTS (KOHA) | |
| Koha item type | ADB |
| 952 ## - LOCATION AND ITEM INFORMATION (KOHA) | |
| Withdrawn status [LOCAL, KOHA] | 0 |
| Koha item type | Source of acquisition | Lost status | Permanent Location | Current Location | Date acquired | Full call number |
|---|---|---|---|---|---|---|
| សៀវភៅភាសាអង់គ្លេស | A38256 | Library Block C | Library Block C | 2020-01-21 | 332 ASI 1968 C152 Or. |